| 000 | 00860nam a22002177a 4500 | ||
|---|---|---|---|
| 005 | 20100730112439.0 | ||
| 010 | _aENG-97459 | ||
| 020 |
_a8185867946 _c100.00 |
||
| 035 | _aEN-80992 | ||
| 037 | _bDBAD/PUB | ||
| 082 | _a551.09543 | ||
| 100 |
_aJain, A. K. _93791 |
||
| 245 |
_aGeology and tectonics of the southeastern Ladakh and Karakorm / _cby A. K. Jain and Sandeep Sing |
||
| 260 |
_aBangalore _bGeological Society of India _c2009 |
||
| 270 |
_aP. B. No. 1922, Gavipuram P. O., Banglore _bBanglore _e560019 |
||
| 300 |
_axii, 181 p. _c26cm (Pbk) _bill |
||
| 500 | _aIncludes bibliographical references | ||
| 700 |
_aSandeep Singh _91706 |
||
| 942 |
_2ddc _cEN _h551.09543 _mJAN |
||
| 999 |
_c38208 _d38208 |
||